[Event "ODJM A 2025"]
[Site "Willingen GER"]
[Date "2025.06.08"]
[Round "1"]
[White "Heimann, Alexander"]
[Black "Fellberg, Justus"]
[Result "1/2-1/2"]
[Termination "normal"]
[Board "38"]
[WhiteElo "1930"]
[BlackElo "1812"]
[WhiteClock "00:01:47"]
[BlackClock "00:01:50"]
[PlyCount "67"]
[WhiteFideId "16215346"]
[BlackFideId "34608990"]
[EventCountry "GER"]
[EventRounds "9"]
[EventType "swiss"]
[EventDate "2025.06.07"]

1. d4 {[%clk 01:30:55]} {[%emt 00:00:05]} Nf6 {[%clk 01:30:56]} {[%emt
00:00:04]} 2. c4 {[%clk 01:30:46]} {[%emt 00:00:39]} e6 {[%clk 01:31:15]}
{[%emt 00:00:11]} 3. Nc3 {[%clk 01:30:42]} {[%emt 00:00:33]} d5 {[%clk
01:31:02]} {[%emt 00:00:45]} 4. cxd5 {[%clk 01:30:07]} {[%emt 00:01:05]} exd5
{[%clk 01:30:31]} {[%emt 00:01:01]} 5. Bg5 {[%clk 01:30:06]} {[%emt 00:00:31]}
Be7 {[%clk 01:28:58]} {[%emt 00:02:03]} 6. e3 {[%clk 01:29:28]} {[%emt
00:01:07]} h6 {[%clk 01:27:28]} {[%emt 00:02:01]} 7. Bh4 {[%clk 01:29:40]}
{[%emt 00:00:17]} O-O {[%clk 01:26:46]} {[%emt 00:01:13]} 8. Bd3 {[%clk
01:29:05]} {[%emt 00:01:04]} Nbd7 {[%clk 01:25:10]} {[%emt 00:02:07]} 9. Nge2
{[%clk 01:24:09]} {[%emt 00:05:25]} b6 {[%clk 01:17:55]} {[%emt 00:07:46]} 10.
O-O {[%clk 01:18:14]} {[%emt 00:06:24]} Bb7 {[%clk 01:17:37]} {[%emt 00:00:49]}
11. f3 {[%clk 01:13:55]} {[%emt 00:04:47]} c5 {[%clk 01:07:30]} {[%emt
00:10:39]} 12. Bf2 {[%clk 01:10:24]} {[%emt 00:11:04]} a6 {[%clk 01:02:46]}
{[%emt 00:00:19]} 13. a4 {[%clk 01:07:43]} {[%emt 00:01:03]} Nb8 {[%clk
00:59:42]} {[%emt 00:03:34]} 14. Rc1 {[%clk 00:59:59]} {[%emt 00:08:14]} Nc6
{[%clk 00:58:16]} {[%emt 00:01:57]} 15. Bb1 {[%clk 00:57:08]} {[%emt 00:03:20]}
Re8 {[%clk 00:56:20]} {[%emt 00:02:27]} 16. e4 {[%clk 00:40:00]} {[%emt
00:17:38]} Nxd4 {[%clk 00:50:24]} {[%emt 00:06:26]} 17. Nxd4 {[%clk 00:34:16]}
{[%emt 00:06:13]} cxd4 {[%clk 00:50:48]} {[%emt 00:00:07]} 18. Nxd5 {[%clk
00:33:18]} {[%emt 00:01:28]} Nxd5 {[%clk 00:46:59]} {[%emt 00:04:19]} 19. exd5
{[%clk 00:33:04]} {[%emt 00:00:43]} Bg5 {[%clk 00:46:03]} {[%emt 00:01:26]} 20.
Rc4 {[%clk 00:29:03]} {[%emt 00:04:31]} Be3 {[%clk 00:42:44]} {[%emt 00:03:50]}
21. Bxe3 {[%clk 00:22:20]} {[%emt 00:07:12]} dxe3 {[%clk 00:42:27]} {[%emt
00:00:47]} 22. Re1 {[%clk 00:20:32]} {[%emt 00:02:17]} a5 {[%clk 00:26:45]}
{[%emt 00:16:13]} 23. Qd3 {[%clk 00:12:30]} {[%emt 00:08:32]} g6 {[%clk
00:25:03]} {[%emt 00:02:13]} 24. Re4 {[%clk 00:12:11]} {[%emt 00:00:48]} Qxd5
{[%clk 00:16:06]} {[%emt 00:09:28]} 25. Qxe3 {[%clk 00:11:20]} {[%emt
00:01:20]} Red8 {[%clk 00:04:32]} {[%emt 00:12:05]} 26. Re7 {[%clk 00:08:59]}
{[%emt 00:02:50]} Rd7 {[%clk 00:02:17]} {[%emt 00:02:46]} 27. Rxd7 {[%clk
00:05:23]} {[%emt 00:04:06]} Qxd7 {[%clk 00:02:35]} {[%emt 00:00:12]} 28. Qxb6
{[%clk 00:04:22]} {[%emt 00:01:30]} Ra6 {[%clk 00:01:43]} {[%emt 00:01:22]} 29.
Qe3 {[%clk 00:02:36]} {[%emt 00:02:15]} Re6 {[%clk 00:01:28]} {[%emt 00:00:46]}
30. Qf2 {[%clk 00:01:37]} {[%emt 00:01:29]} Rxe1+ {[%clk 00:01:33]} {[%emt
00:00:26]} 31. Qxe1 {[%clk 00:02:04]} {[%emt 00:00:01]} Qd4+ {[%clk 00:01:23]}
{[%emt 00:00:41]} 32. Qf2 {[%clk 00:01:26]} {[%emt 00:01:08]} Qd1+ {[%clk
00:01:29]} {[%emt 00:00:23]} 33. Qf1 {[%clk 00:01:47]} {[%emt 00:00:10]} Qd4+
{[%clk 00:01:50]} {[%emt 00:00:08]} 34. Qf2 {[%emt 00:00:19]} 1/2-1/2

[Event "ODJM A 2025"]
[Site "Willingen GER"]
[Date "2025.06.08"]
[Round "2"]
[White "Kololli, Martin"]
[Black "Walter, Richard"]
[Result "1-0"]
[Termination "normal"]
[Board "1"]
[WhiteTitle "FM"]
[WhiteElo "2311"]
[BlackElo "2041"]
[WhiteClock "00:48:28"]
[BlackClock "01:06:05"]
[PlyCount "43"]
[WhiteFideId "12936910"]
[BlackFideId "34620028"]
[EventCountry "GER"]
[EventRounds "9"]
[EventType "swiss"]
[EventDate "2025.06.07"]

1. e4 {[%clk 01:30:57]} {[%emt 00:00:04]} c6 {[%clk 01:30:55]} {[%emt
00:00:05]} 2. c4 {[%clk 01:31:19]} {[%emt 00:00:11]} d5 {[%clk 01:31:21]} 3.
exd5 {[%clk 01:31:44]} {[%emt 00:00:05]} cxd5 {[%clk 01:31:48]} {[%emt
00:00:04]} 4. cxd5 {[%clk 01:32:04]} {[%emt 00:00:09]} Nf6 {[%clk 01:32:13]}
{[%emt 00:00:04]} 5. Nc3 {[%clk 01:32:25]} {[%emt 00:00:10]} Nxd5 {[%clk
01:32:38]} {[%emt 00:00:05]} 6. Nf3 {[%clk 01:32:39]} {[%emt 00:00:18]} Nc6
{[%clk 01:32:52]} {[%emt 00:00:13]} 7. Bb5 {[%clk 01:32:46]} {[%emt 00:00:25]}
e6 {[%clk 01:32:36]} {[%emt 00:00:45]} 8. d4 {[%clk 01:32:44]} {[%emt
00:00:32]} Qa5 {[%clk 01:31:04]} {[%emt 00:02:00]} 9. Qd3 {[%clk 01:29:27]}
{[%emt 00:03:48]} Bd7 {[%clk 01:26:39]} {[%emt 00:04:56]} 10. O-O {[%clk
01:28:10]} {[%emt 00:01:47]} a6 {[%clk 01:26:32]} {[%emt 00:00:37]} 11. Bc4
{[%clk 01:17:42]} {[%emt 00:10:58]} Ncb4 {[%clk 01:22:04]} {[%emt 00:04:58]}
12. Qe2 {[%clk 01:17:06]} {[%emt 00:01:06]} Rc8 {[%clk 01:20:23]} {[%emt
00:02:10]} 13. Nxd5 {[%clk 01:09:21]} {[%emt 00:08:15]} Nxd5 {[%clk 01:16:57]}
{[%emt 00:03:57]} 14. Bd2 {[%clk 01:07:48]} {[%emt 00:02:03]} Bb4 {[%clk
01:15:28]} {[%emt 00:01:59]} 15. Bxd5 {[%clk 01:04:48]} {[%emt 00:03:29]} Bxd2
{[%clk 01:15:45]} {[%emt 00:00:14]} 16. Bxb7 {[%clk 01:04:05]} {[%emt
00:01:14]} Rc7 {[%clk 01:15:04]} {[%emt 00:01:10]} 17. Bxa6 {[%clk 01:03:38]}
{[%emt 00:00:57]} Bh6 {[%clk 01:15:02]} {[%emt 00:00:32]} 18. b4 {[%clk
01:01:05]} {[%emt 00:03:04]} Qa4 {[%clk 01:11:57]} {[%emt 00:03:34]} 19. Qe5
{[%clk 01:00:16]} {[%emt 00:01:19]} Kd8 {[%clk 01:07:30]} {[%emt 00:04:58]} 20.
b5 {[%clk 00:58:54]} {[%emt 00:01:51]} f6 {[%clk 01:07:25]} {[%emt 00:00:36]}
21. Qd6 {[%clk 00:58:55]} {[%emt 00:00:28]} Re8 {[%clk 01:06:05]} {[%emt
00:01:51]} 22. Rfe1 {[%clk 00:48:28]} {[%emt 00:10:56]} 1-0

[Event "ODJM A 2025"]
[Site "Willingen GER"]
[Date "2025.06.08"]
[Round "2"]
[White "Martin Fernandez, Rafael"]
[Black "Weber, Samuel"]
[Result "1/2-1/2"]
[Termination "normal"]
[Board "2"]
[BlackTitle "FM"]
[WhiteElo "1965"]
[BlackElo "2262"]
[WhiteClock "00:40:21"]
[BlackClock "00:15:35"]
[PlyCount "49"]
[WhiteFideId "34605550"]
[BlackFideId "12924008"]
[EventCountry "GER"]
[EventRounds "9"]
[EventType "swiss"]
[EventDate "2025.06.07"]

1. e4 {[%clk 01:30:57]} {[%emt 00:00:03]} c5 {[%clk 01:30:27]} {[%emt
00:00:32]} 2. Nf3 {[%clk 01:31:22]} {[%emt 00:00:05]} d6 {[%clk 01:30:39]}
{[%emt 00:00:18]} 3. d4 {[%clk 01:31:48]} {[%emt 00:00:05]} cxd4 {[%clk
01:31:02]} {[%emt 00:00:11]} 4. Nxd4 {[%clk 01:32:14]} Nf6 {[%clk 01:30:38]}
{[%emt 00:00:53]} 5. Nc3 {[%clk 01:32:39]} {[%emt 00:00:04]} g6 {[%clk
01:29:17]} {[%emt 00:01:52]} 6. Be3 {[%clk 01:32:18]} {[%emt 00:00:50]} Bg7
{[%clk 01:29:15]} {[%emt 00:00:32]} 7. f3 {[%clk 01:32:37]} {[%emt 00:00:12]}
a6 {[%clk 01:29:38]} {[%emt 00:00:07]} 8. Qd2 {[%clk 01:31:30]} {[%emt
00:01:36]} h5 {[%clk 01:29:15]} {[%emt 00:00:53]} 9. O-O-O {[%clk 01:29:09]}
{[%emt 00:02:51]} b5 {[%clk 01:29:37]} {[%emt 00:00:09]} 10. Kb1 {[%clk
01:25:25]} {[%emt 00:04:14]} Nbd7 {[%clk 01:29:36]} {[%emt 00:00:30]} 11. Qf2
{[%clk 01:17:28]} {[%emt 00:08:27]} Bb7 {[%clk 01:27:24]} {[%emt 00:02:42]} 12.
h3 {[%clk 01:06:30]} {[%emt 00:11:29]} Rc8 {[%clk 01:23:44]} {[%emt 00:04:10]}
13. Bd3 {[%clk 01:03:22]} {[%emt 00:03:38]} h4 {[%clk 01:15:21]} {[%emt
00:08:52]} 14. Rhe1 {[%clk 00:59:39]} {[%emt 00:04:13]} Rh5 {[%clk 01:15:25]}
{[%emt 00:00:26]} 15. Nce2 {[%clk 00:57:53]} {[%emt 00:02:16]} e5 {[%clk
00:50:10]} {[%emt 00:25:45]} 16. Nb3 {[%clk 00:57:11]} {[%emt 00:01:13]} Kf8
{[%clk 00:49:41]} {[%emt 00:00:58]} 17. Bd2 {[%emt 00:05:42]} Qb6 {[%clk
00:47:01]} {[%emt 00:03:08]} 18. Qxb6 {[%clk 00:50:12]} {[%emt 00:02:20]} Nxb6
{[%clk 00:47:19]} {[%emt 00:00:12]} 19. Bb4 {[%clk 00:49:32]} {[%emt 00:01:09]}
Ke7 {[%clk 00:39:41]} {[%emt 00:08:08]} 20. Na5 {[%clk 00:48:31]} {[%emt
00:01:32]} Ba8 {[%clk 00:35:34]} {[%emt 00:04:36]} 21. b3 {[%clk 00:45:18]}
{[%emt 00:03:42]} Ne8 {[%clk 00:25:38]} {[%emt 00:10:27]} 22. c4 {[%clk
00:44:04]} {[%emt 00:01:44]} bxc4 {[%clk 00:22:38]} {[%emt 00:03:31]} 23. Bxc4
{[%clk 00:41:53]} {[%emt 00:02:41]} Nxc4 {[%clk 00:18:57]} {[%emt 00:04:11]}
24. Nxc4 {[%clk 00:42:17]} {[%emt 00:00:06]} Rg5 {[%clk 00:15:35]} {[%emt
00:03:51]} 25. Nxd6 {[%clk 00:40:21]} {[%emt 00:02:27]} 1/2-1/2

[Event "ODJM A 2025"]
[Site "Willingen GER"]
[Date "2025.06.08"]
[Round "2"]
[White "Lutze, Max"]
[Black "Beduschi, Ben"]
[Result "1-0"]
[Termination "normal"]
[Board "3"]
[WhiteElo "2177"]
[BlackElo "2017"]
[WhiteClock "00:16:48"]
[BlackClock "00:02:29"]
[PlyCount "117"]
[WhiteFideId "34614850"]
[BlackFideId "16273443"]
[EventCountry "GER"]
[EventRounds "9"]
[EventType "swiss"]
[EventDate "2025.06.07"]

1. Nf3 {[%clk 01:30:46]} {[%emt 00:00:17]} d5 {[%clk 01:30:30]} {[%emt
00:00:25]} 2. g3 {[%clk 01:31:10]} {[%emt 00:00:07]} Nf6 {[%clk 01:30:54]}
{[%emt 00:00:05]} 3. Bg2 {[%clk 01:31:36]} {[%emt 00:00:04]} e6 {[%clk
01:30:51]} {[%emt 00:00:34]} 4. O-O {[%clk 01:31:57]} {[%emt 00:00:09]} Be7
{[%clk 01:31:16]} {[%emt 00:00:03]} 5. d3 {[%clk 01:32:22]} {[%emt 00:00:04]}
O-O {[%clk 01:31:06]} {[%emt 00:00:41]} 6. Nbd2 {[%clk 01:32:43]} {[%emt
00:00:10]} Nc6 {[%clk 01:24:17]} {[%emt 00:07:18]} 7. e4 {[%clk 01:30:10]}
{[%emt 00:03:03]} e5 {[%clk 01:17:28]} {[%emt 00:07:19]} 8. exd5 {[%clk
01:23:55]} {[%emt 00:06:45]} Nxd5 {[%clk 01:17:48]} {[%emt 00:00:09]} 9. Re1
{[%clk 01:24:14]} {[%emt 00:00:12]} f6 {[%clk 01:16:55]} {[%emt 00:01:22]} 10.
c3 {[%clk 01:18:02]} {[%emt 00:06:43]} Kh8 {[%clk 01:13:39]} {[%emt 00:03:46]}
11. a4 {[%clk 01:03:18]} {[%emt 00:15:15]} a5 {[%clk 01:09:39]} {[%emt
00:04:29]} 12. Nc4 {[%clk 01:03:13]} {[%emt 00:00:35]} Bg4 {[%clk 00:56:08]}
{[%emt 00:14:00]} 13. h3 {[%clk 00:56:15]} {[%emt 00:07:29]} Bh5 {[%clk
00:55:00]} {[%emt 00:01:38]} 14. Qb3 {[%clk 00:43:34]} {[%emt 00:13:11]} Qd7
{[%clk 00:38:18]} {[%emt 00:17:12]} 15. Qb5 {[%clk 00:34:54]} {[%emt 00:09:10]}
Rfd8 {[%clk 00:31:33]} {[%emt 00:07:15]} 16. Nfd2 {[%clk 00:28:06]} {[%emt
00:07:18]} Bg6 {[%clk 00:27:12]} {[%emt 00:04:50]} 17. Ne4 {[%clk 00:27:12]}
{[%emt 00:01:25]} b6 {[%clk 00:21:37]} {[%emt 00:06:05]} 18. Ned6 {[%clk
00:23:01]} {[%emt 00:04:43]} Bxd6 {[%clk 00:12:41]} {[%emt 00:09:24]} 19. Bxd5
{[%clk 00:22:05]} {[%emt 00:01:25]} Be8 {[%clk 00:13:10]} {[%emt 00:00:02]} 20.
Be3 {[%clk 00:19:12]} {[%emt 00:03:23]} Rab8 {[%clk 00:13:01]} {[%emt
00:00:39]} 21. Bg2 {[%clk 00:17:15]} {[%emt 00:02:26]} Bf8 {[%clk 00:05:35]}
{[%emt 00:07:57]} 22. Rad1 {[%clk 00:16:58]} {[%emt 00:00:47]} Ne7 {[%clk
00:05:22]} {[%emt 00:00:42]} 23. Qxd7 Bxd7 {[%clk 00:05:51]} 24. b3 {[%clk
00:14:36]} {[%emt 00:00:49]} Bc6 {[%clk 00:04:44]} {[%emt 00:01:37]} 25. d4
{[%clk 00:14:18]} {[%emt 00:00:48]} Bxg2 {[%clk 00:04:58]} {[%emt 00:00:16]}
26. Kxg2 {[%clk 00:14:42]} {[%emt 00:00:05]} exd4 {[%clk 00:04:29]} {[%emt
00:01:00]} 27. Bxd4 {[%clk 00:13:18]} {[%emt 00:01:55]} Nf5 {[%clk 00:03:36]}
{[%emt 00:01:22]} 28. Be3 {[%clk 00:12:35]} {[%emt 00:01:13]} Nxe3+ {[%clk
00:03:56]} {[%emt 00:00:10]} 29. Nxe3 {[%clk 00:12:51]} {[%emt 00:00:14]} Bc5
{[%clk 00:01:25]} {[%emt 00:03:01]} 30. Nd5 {[%clk 00:12:34]} {[%emt 00:00:46]}
Bd6 {[%clk 00:00:47]} {[%emt 00:01:08]} 31. Ne7 {[%clk 00:11:00]} {[%emt
00:02:04]} Re8 {[%clk 00:00:33]} {[%emt 00:00:45]} 32. Nc6 {[%clk 00:11:09]}
{[%emt 00:00:20]} Ra8 {[%clk 00:00:43]} {[%emt 00:00:21]} 33. f4 {[%clk
00:09:45]} {[%emt 00:01:54]} Kg8 {[%clk 00:00:50]} {[%emt 00:00:22]} 34. Nd4
{[%clk 00:07:44]} {[%emt 00:02:31]} Kf7 {[%clk 00:00:40]} {[%emt 00:00:40]} 35.
Rxe8 {[%clk 00:04:15]} {[%emt 00:04:00]} Rxe8 {[%clk 00:01:00]} {[%emt
00:00:10]} 36. Nb5 {[%clk 00:03:28]} {[%emt 00:01:17]} Rd8 {[%clk 00:01:09]}
{[%emt 00:00:22]} 37. Kf3 {[%clk 00:00:46]} {[%emt 00:03:12]} Be7 {[%clk
00:01:14]} {[%emt 00:00:24]} 38. Rxd8 Bxd8 {[%clk 00:01:43]} 39. Ke4 {[%clk
00:00:47]} {[%emt 00:00:31]} Ke6 {[%clk 00:00:54]} {[%emt 00:01:18]} 40. Nd4+
{[%clk 00:00:47]} {[%emt 00:00:31]} Kd7 {[%clk 00:00:39]} {[%emt 00:00:45]} 41.
Kd5 {[%clk 00:29:06]} {[%emt 00:02:11]} Be7 {[%clk 00:25:24]} {[%emt 00:05:45]}
42. Nc6 {[%clk 00:28:26]} {[%emt 00:01:10]} Bd6 {[%clk 00:12:35]} {[%emt
00:13:18]} 43. b4 {[%clk 00:28:18]} {[%emt 00:00:39]} axb4 {[%clk 00:11:29]}
{[%emt 00:01:36]} 44. cxb4 {[%clk 00:28:40]} {[%emt 00:00:08]} h5 {[%clk
00:11:48]} {[%emt 00:00:11]} 45. f5 {[%clk 00:18:47]} {[%emt 00:10:22]} Bxg3
{[%clk 00:10:36]} {[%emt 00:01:42]} 46. a5 {[%clk 00:19:07]} {[%emt 00:00:11]}
bxa5 {[%clk 00:06:39]} {[%emt 00:04:27]} 47. bxa5 {[%clk 00:19:30]} {[%emt
00:00:07]} Kc8 {[%clk 00:06:00]} {[%emt 00:01:09]} 48. a6 {[%clk 00:19:49]}
{[%emt 00:00:11]} h4 {[%clk 00:03:39]} {[%emt 00:02:50]} 49. Ke6 {[%clk
00:20:06]} {[%emt 00:00:13]} Be1 {[%clk 00:02:57]} {[%emt 00:01:11]} 50. Kf7
{[%clk 00:19:25]} {[%emt 00:01:11]} Bc3 {[%clk 00:02:17]} {[%emt 00:01:11]} 51.
Kxg7 {[%clk 00:18:37]} {[%emt 00:01:18]} Bb2 {[%clk 00:02:29]} {[%emt
00:00:18]} 52. Kh6 {[%clk 00:15:35]} {[%emt 00:03:33]} Bc3 {[%clk 00:00:44]}
{[%emt 00:02:15]} 53. Kg6 {[%clk 00:15:37]} {[%emt 00:00:27]} Bb2 {[%clk
00:00:31]} {[%emt 00:00:44]} 54. Kh5 {[%clk 00:15:51]} {[%emt 00:00:15]} Bc1
{[%clk 00:00:55]} {[%emt 00:00:07]} 55. Kxh4 {[%clk 00:16:10]} {[%emt
00:00:11]} Be3 {[%clk 00:01:18]} {[%emt 00:00:06]} 56. Kh5 {[%clk 00:16:03]}
{[%emt 00:00:38]} Kd7 {[%clk 00:01:38]} {[%emt 00:00:11]} 57. a7 {[%clk
00:16:21]} {[%emt 00:00:10]} Bxa7 {[%clk 00:02:06]} {[%emt 00:00:02]} 58. Nxa7
{[%clk 00:16:43]} {[%emt 00:00:08]} c5 {[%clk 00:02:29]} {[%emt 00:00:07]} 59.
Kg6 {[%clk 00:16:48]} {[%emt 00:00:25]} 1-0

[Event "ODJM A 2025"]
[Site "Willingen GER"]
[Date "2025.06.08"]
[Round "2"]
[White "Tulchynsky, David"]
[Black "Menzel, Maximilian"]
[Result "1-0"]
[Termination "normal"]
[Board "4"]
[WhiteElo "2009"]
[BlackElo "2199"]
[WhiteClock "00:01:48"]
[BlackClock "00:01:48"]
[PlyCount "79"]
[WhiteFideId "16289560"]
[BlackFideId "34617280"]
[EventCountry "GER"]
[EventRounds "9"]
[EventType "swiss"]
[EventDate "2025.06.07"]

1. e4 {[%clk 01:30:39]} {[%emt 00:00:21]} c6 {[%clk 01:30:56]} {[%emt
00:00:05]} 2. d3 {[%clk 01:30:39]} {[%emt 00:00:29]} d5 {[%clk 01:31:20]}
{[%emt 00:00:06]} 3. Nd2 {[%clk 01:30:58]} {[%emt 00:00:14]} e5 {[%clk
01:31:10]} {[%emt 00:00:37]} 4. Ngf3 {[%clk 01:31:18]} {[%emt 00:00:10]} Bd6
{[%clk 01:31:34]} {[%emt 00:00:05]} 5. d4 {[%clk 01:31:41]} {[%emt 00:00:08]}
exd4 {[%clk 01:31:21]} {[%emt 00:00:43]} 6. exd5 {[%clk 01:32:04]} {[%emt
00:00:07]} cxd5 {[%clk 01:31:42]} {[%emt 00:00:09]} 7. Nxd4 {[%clk 01:32:29]}
{[%emt 00:00:06]} Nc6 {[%clk 01:31:47]} {[%emt 00:00:23]} 8. N2f3 {[%clk
01:32:20]} {[%emt 00:00:40]} Nf6 {[%clk 01:30:48]} {[%emt 00:01:29]} 9. Be2
{[%clk 01:31:44]} {[%emt 00:01:05]} O-O {[%clk 01:29:57]} {[%emt 00:01:21]} 10.
O-O {[%clk 01:31:38]} {[%emt 00:00:36]} h6 {[%clk 01:20:59]} {[%emt 00:09:28]}
11. h3 {[%clk 01:29:05]} {[%emt 00:03:03]} Re8 {[%clk 01:19:31]} {[%emt
00:01:59]} 12. Be3 {[%clk 01:27:50]} {[%emt 00:01:44]} Ne4 {[%clk 01:16:00]}
{[%emt 00:04:01]} 13. Re1 {[%clk 01:23:17]} {[%emt 00:05:03]} a6 {[%clk
01:11:45]} {[%emt 00:04:45]} 14. c3 {[%clk 01:19:11]} {[%emt 00:04:37]} Bc7
{[%clk 01:01:43]} {[%emt 00:10:31]} 15. Bf1 {[%clk 01:15:42]} {[%emt 00:03:58]}
Qd6 {[%clk 00:59:45]} {[%emt 00:02:29]} 16. Qc2 {[%clk 01:11:50]} {[%emt
00:04:22]} Nxd4 {[%clk 00:53:46]} {[%emt 00:06:29]} 17. Bxd4 {[%clk 01:09:00]}
{[%emt 00:03:21]} Bf5 {[%clk 00:48:39]} {[%emt 00:05:36]} 18. Qa4 {[%clk
00:43:08]} {[%emt 00:26:21]} Re6 {[%clk 00:33:40]} {[%emt 00:15:30]} 19. Qb4
{[%clk 00:42:39]} {[%emt 00:01:00]} Qd8 {[%clk 00:33:31]} {[%emt 00:00:39]} 20.
g3 {[%clk 00:31:35]} {[%emt 00:11:34]} Qd7 {[%clk 00:28:16]} {[%emt 00:05:44]}
21. Bg2 {[%clk 00:29:12]} {[%emt 00:02:55]} Rae8 {[%clk 00:25:06]} {[%emt
00:03:40]} 22. Rad1 {[%clk 00:24:24]} {[%emt 00:05:16]} b5 {[%clk 00:22:59]}
{[%emt 00:02:37]} 23. Re3 {[%clk 00:12:24]} {[%emt 00:12:31]} R6e7 {[%clk
00:16:28]} {[%emt 00:07:00]} 24. h4 {[%clk 00:12:09]} {[%emt 00:00:44]} a5
{[%clk 00:13:29]} {[%emt 00:03:30]} 25. Qb3 {[%clk 00:11:57]} {[%emt 00:00:42]}
a4 {[%clk 00:12:46]} {[%emt 00:01:14]} 26. Qb4 {[%clk 00:07:16]} {[%emt
00:05:11]} Bd6 {[%clk 00:09:51]} {[%emt 00:03:24]} 27. Qa5 {[%clk 00:07:42]}
{[%emt 00:00:04]} Rb8 {[%clk 00:07:27]} {[%emt 00:02:55]} 28. Nd2 {[%clk
00:05:53]} {[%emt 00:02:19]} Bg4 {[%clk 00:05:13]} {[%emt 00:02:44]} 29. f3
{[%clk 00:03:04]} {[%emt 00:03:19]} Nxd2 {[%clk 00:03:10]} {[%emt 00:02:33]}
30. Rxd2 {[%clk 00:03:03]} {[%emt 00:00:31]} Bh3 {[%clk 00:03:00]} {[%emt
00:00:40]} 31. Rxe7 {[%clk 00:03:08]} {[%emt 00:00:26]} Qxe7 {[%clk 00:02:56]}
{[%emt 00:00:34]} 32. Bf2 {[%clk 00:03:27]} {[%emt 00:00:10]} Bxg2 {[%clk
00:02:30]} {[%emt 00:00:56]} 33. Kxg2 {[%clk 00:03:51]} {[%emt 00:00:07]} Qe5
{[%clk 00:01:42]} {[%emt 00:01:17]} 34. Qa6 {[%clk 00:03:32]} {[%emt 00:00:49]}
a3 {[%clk 00:01:43]} {[%emt 00:00:29]} 35. bxa3 {[%clk 00:03:15]} {[%emt
00:00:46]} Qxc3 {[%clk 00:00:51]} {[%emt 00:01:22]} 36. Qxd6 {[%clk 00:03:39]}
{[%emt 00:00:08]} Ra8 {[%clk 00:00:49]} {[%emt 00:00:33]} 37. Qxd5 {[%clk
00:03:07]} {[%emt 00:01:01]} Rxa3 {[%clk 00:01:15]} {[%emt 00:00:04]} 38. Re2
{[%clk 00:03:15]} {[%emt 00:00:21]} Qf6 {[%clk 00:01:30]} {[%emt 00:00:17]} 39.
Bd4 {[%clk 00:02:55]} {[%emt 00:00:50]} Qg6 {[%clk 00:01:48]} {[%emt 00:00:10]}
40. Qxb5 {[%clk 00:01:48]} {[%emt 00:01:37]} 1-0